Power and contestation: India since 1989 (Record no. 407562)

000 -LEADER
fixed length control field 00478cam a22001577a 4500
008 - FIXED-LENGTH DATA ELEMENTS--GENERAL INFORMATION
fixed length control field 180718b2007 xxu||||| |||| 00| 0 eng d
020 ## - INTERNATIONAL STANDARD BOOK NUMBER
International Standard Book Number 8125035095
082 ## - DEWEY DECIMAL CLASSIFICATION NUMBER
Classification number A6x54 M527
100 ## - MAIN ENTRY--PERSONAL NAME
Personal name Menon, Nivedita
245 ## - TITLE STATEMENT
Title Power and contestation: India since 1989
Statement of responsibility, etc. by Nivedita Menon and Aditya Nigam
260 ## - PUBLICATION, DISTRIBUTION, ETC.
Place of publication, distribution, etc. Hyderabad
Name of publisher, distributor, etc. Orient Longman
Date of publication, distribution, etc. 2007
300 ## - PHYSICAL DESCRIPTION
Extent 219p.
650 ## - SUBJECT ADDED ENTRY--TOPICAL TERM
Topical term or geographic name entry element India - Foreign relations
650 ## - SUBJECT ADDED ENTRY--TOPICAL TERM
Topical term or geographic name entry element India - Politics and government
700 ## - ADDED ENTRY--PERSONAL NAME
Personal name Nigam, Aditya
Holdings
Withdrawn status Lost status Damaged status Not for loan Permanent Location Current Location Date acquired Full call number Barcode Date last seen Price effective from Koha item type
        Indian Institute of Public Administration Indian Institute of Public Administration 2008-06-19 A6x54 M527 82476 2018-07-21 2018-07-21 Book

Powered by Koha